000 00856nam a22001575i 4500
001 173897
003 ES-MaACL
005 20230906215403.0
008 100128s1868 sp |||| | spa d
100 1 _aBallester, Antonio María.
_9142053
245 1 3 _aEl diablo en el espejo
_b: juguete cómico en dos actos /
_coriginal de Antonio María Ballester.
260 _aValencia :
_b[s.n.],
_c1868 (
_fImp. á cargo de F. Campos)
300 _a52 p. ;
_c17 cm.
500 _aEn port.: Estrenado ... en el teatro de la Princesa de Valencia... la noche del 9 de mayo de 1868, y en el teatro Principal en la del 11 del propio mes.
852 _aES-MaACL
_jF-8627(6)
_z.- Enc. pasta española
_q.- Falto de la cub. original
_z.- Enc. en un vol. facticio formando parte de la col. facticia "Teatro español moderno", vol. 82
_z.- Firma ms. de Gustavo Saenz Diez, 1876
999 _c173897
_d173897